[Event "Magdeburg op-B"]
[Site "Magdeburg"]
[Date "2014.06.14"]
[Round "9"]
[White "Friedrich, Robert"]
[Black "Eggert, Daniela"]
[Result "0-1"]
[WhiteElo "1397"]
[BlackElo "1405"]
[PlyCount "90"]
[EventDate "2014.06.08"]
[EventType "swiss"]
[EventRounds "9"]
[EventCountry "GER"]
[SourceTitle "CBM 160 Extra"]
[Source "ChessBase"]
[SourceDate "2014.07.01"]
[SourceVersion "1"]
[SourceVersionDate "2014.07.01"]
[SourceQuality "1"]

1. e4 e5 2. Nf3 Nc6 3. Bc4 Bc5 4. c3 Nf6 5. d3 d5 6. exd5 Nxd5 7. 0-0 0-0 8. Bb3 Bg4 9. Nbd2 Nf4 10. Ne4 Bb6 11. Bc2 f5 12. Ng3 Kh8 13. h3 Nxh3+ 14. gxh3 Bxh3 15. Re1 Bg4 16. Kg2 Qf6 17. Rh1 f4 18. Ne4 Qg6 19. Nh4 Qh5 20. Qg1 Be2 21. Rh3 g5 22. Nf3 Bxf3+ 23. Kh2 Qg4 24. Nxg5 Qxg1+ 25. Kxg1 Bd5 26. Rxh7+ Kg8 27. Bd2 Rf5 28. Rh5 Kg7 29. d4 Kg6 30. Bxf5+ Kxh5 31. Ne4 Rf8 32. c4 Bxc4 33. Bd7 Nxd4 34. Bb4 Rg8+ 35. Kh2 Nf3+ 36. Kh3 Ng5+ 37. Nxg5 Rxg5 38. Be8+ Kh6 39. Rd1 Be6+ 40. Kh2 Bxf2 41. Be7 Rg8 42. Bb5 f3 43. a3 Kg7 44. Bf1 Rh8+ 45. Bh3 Rxh3# 0-1

[Event "GER-ch U25 op-B"]
[Site "Oberhof"]
[Date "2012.05.30"]
[Round "6"]
[White "Hoffmann, Rasmus"]
[Black "Friedrich, Robert"]
[Result "0-1"]
[WhiteElo "1151"]
[BlackElo "1350"]
[PlyCount "68"]
[EventDate "2012.05.27"]
[EventType "swiss"]
[EventRounds "9"]
[EventCountry "GER"]
[SourceTitle "CBM 148 Extra"]
[Source "ChessBase"]
[SourceDate "2012.06.22"]
[SourceVersion "1"]
[SourceVersionDate "2012.06.22"]
[SourceQuality "1"]

1. Nc3 e5 2. Nf3 Nc6 3. d4 exd4 4. Nxd4 Nf6 5. Bg5 h6 6. Bf4 Bc5 7. e3 0-0 8. Bc4 Nxd4 9. exd4 Re8+ 10. Be3 Bb6 11. Qd2 d5 12. Bd3 Bxd4 13. 0-0-0 Bxe3 14. fxe3 Bg4 15. Rde1 Re5 16. Rhf1 Qe7 17. h3 Bd7 18. g4 Re8 19. Rf3 Bc6 20. Rg3 d4 21. Nd1 dxe3 22. Nxe3 Nd5 23. Ng2 Rxe1+ 24. Nxe1 Qxe1+ 25. Qxe1 Rxe1+ 26. Kd2 Re6 27. Bc4 Rd6 28. Kc1 Nf4 29. Re3 Kf8 30. b3 Bg2 31. Bb5 c6 32. Bc4 c5 33. Be2 Nxe2+ 34. Rxe2 Bxh3 0-1

[Event "Berlin-ch Class-D"]
[Site "Berlin"]
[Date "2010.05.15"]
[Round "7"]
[White "Friedrich, Robert"]
[Black "Wierzbicki, Jirawat"]
[Result "0-1"]
[WhiteElo "1217"]
[BlackElo "1183"]
[PlyCount "88"]
[EventDate "2010.05.12"]
[EventType "tourn"]
[EventRounds "9"]
[EventCountry "GER"]
[SourceTitle "EXT 2012"]
[Source "ChessBase"]
[SourceDate "2011.11.24"]
[SourceVersion "1"]
[SourceVersionDate "2011.11.24"]
[SourceQuality "1"]

1. e4 c5 2. Nf3 d6 3. Bc4 Nf6 4. d3 e6 5. Bg5 Be7 6. c3 Nc6 7. Nbd2 a6 8. a3 Na5 9. Ba2 b5 10. b4 Nb7 11. bxc5 Nxc5 12. 0-0 0-0 13. Re1 Nxd3 14. Re3 Nc5 15. c4 Ng4 16. Bxe7 Nxe3 17. Qe2 Qxe7 18. Qxe3 Bd7 19. cxb5 Bxb5 20. Bb1 Qf6 21. e5 dxe5 22. Qxc5 e4 23. Nxe4 Qxa1 24. Nc3 Rfc8 25. Qb4 Qxc3 26. Qe4 Qc1+ 27. Ne1 Qh6 28. a4 Bc6 29. Qd3 Qg6 30. Qb3 Qf6 31. Qh3 h6 32. Qd3 g6 33. Qe3 Qg7 34. Nf3 Rab8 35. Bd3 Rb3 36. Nd4 Rb4 37. Nxc6 Rxc6 38. Qd2 Qa1+ 39. Bf1 Rb1 40. Qd8+ Kg7 41. Qd3 Rcc1 42. h3 Rxf1+ 43. Kh2 Qe5+ 44. g3 Rxf2# 0-1

[Event "Berlin-ch Class-D"]
[Site "Berlin"]
[Date "2010.05.14"]
[Round "5"]
[White "Friedrich, Robert"]
[Black "Zhang, Yichi"]
[Result "1-0"]
[WhiteElo "1217"]
[BlackElo "805"]
[PlyCount "97"]
[EventDate "2010.05.12"]
[EventType "tourn"]
[EventRounds "9"]
[EventCountry "GER"]
[SourceTitle "EXT 2012"]
[Source "ChessBase"]
[SourceDate "2011.11.24"]
[SourceVersion "1"]
[SourceVersionDate "2011.11.24"]
[SourceQuality "1"]

1. e4 e5 2. Nf3 Nc6 3. Bc4 Nf6 4. d3 d6 5. Bg5 Be7 6. c3 Nd7 7. Bxe7 Qxe7 8. 0-0 0-0 9. Nbd2 Nc5 10. d4 Na4 11. Qxa4 exd4 12. Nxd4 Nxd4 13. cxd4 Qg5 14. Nf3 Qg6 15. Rfe1 Bh3 16. g3 Qf6 17. Re3 c5 18. e5 dxe5 19. dxc5 e4 20. Nd2 Qxb2 21. Qd1 b5 22. Rb1 Qd4 23. Rxb5 a6 24. Ra5 Qd7 25. Rxa6 Rxa6 26. Bxa6 Bg4 27. Be2 Bxe2 28. Qxe2 Qa7 29. Nxe4 Re8 30. Nc3 Rxe3 31. Qxe3 h6 32. c6 Qc7 33. Qe8+ Kh7 34. Qd7 Qa5 35. c7 Qxc3 36. Qf5+ g6 37. Qxf7+ Kh8 38. Qe8+ Kg7 39. Qe7+ Kg8 40. Qe6+ Kh7 41. c8Q Qxc8 42. Qxc8 h5 43. Qf8 h4 44. gxh4 g5 45. hxg5 Kg6 46. Qf6+ Kh7 47. g6+ Kg8 48. Qf7+ Kh8 49. Qh7# 1-0

[Event "Berlin-ch Class-D"]
[Site "Berlin"]
[Date "2010.05.13"]
[Round "2"]
[White "Donath, Johann"]
[Black "Friedrich, Robert"]
[Result "1-0"]
[WhiteElo "1408"]
[BlackElo "1217"]
[PlyCount "91"]
[EventDate "2010.05.12"]
[EventType "tourn"]
[EventRounds "9"]
[EventCountry "GER"]
[SourceTitle "EXT 2012"]
[Source "ChessBase"]
[SourceDate "2011.11.24"]
[SourceVersion "1"]
[SourceVersionDate "2011.11.24"]
[SourceQuality "1"]

1. e4 e5 2. Nf3 Nc6 3. Bc4 Nf6 4. Ng5 d5 5. exd5 Nxd5 6. Nxf7 Kxf7 7. Qf3+ Ke6 8. Nc3 Ncb4 9. Qe4 Bc5 10. a3 Nxc2+ 11. Qxc2 Rf8 12. Bxd5+ Kd6 13. Bf3 Bf5 14. Nb5+ Kd7 15. Qxc5 e4 16. Be2 b6 17. Qd5+ Ke7 18. Qe5+ Kd7 19. Qxg7+ Kc8 20. 0-0 Rg8 21. Qf7 Bh3 22. g3 Kb7 23. Qxh7 Rh8 24. Qxe4+ c6 25. Bf3 Rc8 26. Re1 Bd7 27. Nd6+ Kb8 28. Nxc8 Kxc8 29. Qc4 Qf6 30. Bg4 Rf8 31. Bxd7+ Kxd7 32. Qf4 Qg7 33. Qe3 Qf6 34. b4 Qd6 35. Bb2 Kc8 36. Qe6+ Qxe6 37. Rxe6 Kd7 38. Rae1 Rf7 39. Bf6 Kc7 40. Re7+ Rxe7 41. Rxe7+ Kb8 42. h4 Kc8 43. h5 Kd8 44. h6 Kc8 45. h7 Kb8 46. h8Q# 1-0